Implementing the Third Money Laundering Directive (Record no. 105887)

MARC details
000 -LEADER
fixed length control field 01069cam a2200217 4500
001 - CONTROL NUMBER
control field ##L135010
008 - FIXED-LENGTH DATA ELEMENTS--GENERAL INFORMATION
fixed length control field 060918n2006 000 0 eng u
035 ## - SYSTEM CONTROL NUMBER
System control number (Sirsi) u135010
041 0# - LANGUAGE CODE
Language code of text/sound track or separate title eng
050 04 - LIBRARY OF CONGRESS CALL NUMBER
Classification number 364.163 $2 18
110 1# - MAIN ENTRY--CORPORATE NAME
Corporate name or jurisdiction name as entry element United Kingdom
Subordinate unit HM Treasury
245 00 - TITLE STATEMENT
Title Implementing the Third Money Laundering Directive
Remainder of title a consultation document
260 ## - PUBLICATION, DISTRIBUTION, ETC.
Place of publication, distribution, etc. London
Name of publisher, distributor, etc. HM Treasury
Date of publication, distribution, etc. 2006
520 ## - SUMMARY, ETC.
Summary, etc. A consultation on the proposed implementation of the third money laundering directive. Includes a partial regulatory impact assessment and raises a number of questions on which responses are welcomed. The consultation ends on 20 October 2006.
590 ## - LOCAL NOTE (RLIN)
Local note IKA190906
650 24 - SUBJECT ADDED ENTRY--TOPICAL TERM
Topical term or geographic name entry element DIRECTIVE 2005/60/EC
651 #4 - SUBJECT ADDED ENTRY--GEOGRAPHIC NAME
Geographic name United Kingdom
Chronological subdivision
690 ## - LOCAL SUBJECT ADDED ENTRY--TOPICAL TERM (OCLC, RLIN)
Topical term or geographic name as entry element MANAGEMENT-BUSINESS MANAGEMENT-FINANCIAL MANAGEMENT-ACCOUNTING-MONEY LAUNDERING
856 40 - ELECTRONIC LOCATION AND ACCESS
Uniform Resource Identifier <a href="https://www.hm-treasury.gov.uk/consultations_and_legislation/money_laundering_directive/consult_thirdmoney_index.cfm">https://www.hm-treasury.gov.uk/consultations_and_legislation/money_laundering_directive/consult_thirdmoney_index.cfm</a>
Public note View the consultation document free of charge at www.hm-treasury.gov.uk...
942 ## - ADDED ENTRY ELEMENTS (KOHA)
Suppress in OPAC 0
Holdings
Withdrawn status Lost status Source of classification or shelving scheme Damaged status Not for loan Home library Current library Shelving location Date acquired Total Checkouts Full call number Barcode Date last seen Copy number Price effective from Koha item type
    Dewey Decimal Classification     Virtual Virtual Online 18/09/2006   ONLINE PUBLICATION 135010-1001 06/08/2019 1 06/08/2019 Book